| 000 | 00891nas a2200301 4500 | ||
|---|---|---|---|
| 001 | BR0202201 | ||
| 003 | BR-BrBNA | ||
| 005 | 20231205102927.0 | ||
| 007 | ta | ||
| 008 | 230509b bl.|||p| |||| 00| 00por d | ||
| 040 |
_aBR-BrBNA _bpor _cBiblioteca Nacional de Agricultura |
||
| 041 | _a(Pt) | ||
| 072 | _aH20 | ||
| 100 | 1 | _aSussel, A.A.B. | |
| 100 | 1 | _aFenille, R.C. | |
| 100 | 1 | _aKuramae, E.E. | |
| 100 | 1 | _aSouza, N.L. de | |
| 245 | 1 | _aCaracterização de Rhizoctonia solani, agente etiológico do tombamento de mudas de café | |
| 650 | _aCAFÉ | ||
| 650 | _aMUDA | ||
| 650 | _aQUEIMA DA SAIA | ||
| 650 | _aANASTOMOSE | ||
| 650 | _aMARCADOR MOLECULAR | ||
| 650 | _aTOMBAMENTO DE PLANTA | ||
| 773 | 0 |
_tSumma Phytopathologica (Brazil) _xISSN 0100-5405 _g(Oct-Dec 2001), v. 27(4) p. 348-352 _wBR0202201 |
|
| 909 |
_a202311 _bLúcia _c55 _dLúcia Elande |
||
| 942 |
_2AGRIS _n0 _cANA |
||
| 999 |
_c170104 _d170104 |
||